Missing Word: 'B' Things Quiz Stats

 Plays Quiz Updated Nov 18, 2012

Support Sporcle.
Go Orange.
Score 0/20 Timer 03:00
1 Play Today
Hint Answer % Correct
The Big _____ TheoryBang
99.1%
_____ SpringsteenBruce
97%
My _____ Friend's WeddingBest
96.5%
_____ the Vampire SlayerBuffy
96.3%
Million Dollar _____Baby
95%
The _____ BunchBrady
94.4%
The Perks of _____ a WallflowerBeing
91.7%
Don't Stop _____Believin'
91.3%
Breaking _____Bad
91.2%
Inglourious _____Basterds
91.1%
Hint Answer % Correct
The _____ UltimatumBourne
89.1%
We _____ a ZooBought
86.8%
The _____ LoserBiggest
83.6%
_____ New WorldBrave
81.1%
_____ to TerabithiaBridge
78.6%
_____ and the JetsBennie
76.9%
The Lovely _____Bones
65.7%
Love is a _____Battlefield
52.7%
The _____ KaramazovBrothers
47%
The Mighty Mighty _____Bosstones
29.5%

Today's Daily Dose

Quick Pick
Nissan Models

Get the Picture
Amazing Trees

From the Vault

Find the Hole Foods

by alvir28

This is quite different from trying to find the nearest Whole Foods.
Remove Ads.
Support Sporcle.
Get the best of Sporcle when you Go Orange. This ad-free experience offers more features, more stats, and more fun while also helping to support Sporcle. Thank you for becoming a member.

Show Comments

Extras

Top Quizzes Today


Score Distribution

Your Account Isn't Verified!

In order to create a playlist on Sporcle, you need to verify the email address you used during registration. Go to your Sporcle Settings to finish the process.

Report this User

Report this user for behavior that violates our Community Guidelines.

Details: